000 00649nam a2200169 a 4500
008 120416s1974 ||||||||||||||||| || u
020 _a0070247609
050 _aHE 8735 Gri
100 _aGriesinger, Frank Kern
245 1 0 _aHow to cut costs and improve service of your telephone, telex, TWX and other telecommunications
260 _aNew York:
_bMcGraw-Hill
_c1974
300 _ax, 310 p. ill
350 _a0.00
500 _aBibliography: p. 301-302.
650 _aTELEPHONE IN BUSINESS
995 _D0.00
_FCBU-MAIN LIBRARY (Kitwe)
_H1
_I15.75
_UAVAILABLE
_ZAnnex Low-Usage Collection
999 _c45797
_d45797